000 00526nam a2200193Ia 4500
005 20251231094139.0
008 160316s2010 xxu||||| |||| 00| 0 eng d
020 _a9780198075929
020 _a0198075928
082 _a320.5 JAY
100 _aJayal Niraja Gopal
245 _aThe Oxford companion to politics in India /
260 _aNew Delhi :
_bOxford University Press ;
_c2010.
300 _axv, 618 p.
365 _bRs. 3,500
650 _a Politics - India
700 _aMehta Pratap Bhanu
_a
942 _2ddc
_cBK
999 _c27333
_d27333